Pays membres de l'UE - Statistiques

Statistiques générales
  • Ce quiz a été pris 5 372 fois
  • Le résultat moyen est 22 sur 27
Statistiques - réponses
Réponses % Correct
France
99%
Espagne
97%
Allemagne
96%
Portugal
93%
Belgique
92%
Italie
90%
Suède
87%
Estonie
86%
Lituanie
86%
Finlande
85%
Lettonie
85%
Autriche
83%
Croatie
83%
Luxembourg
83%
Pologne
82%
Pays-Bas
81%
Danemark
80%
Hongrie
80%
Grèce
79%
Irlande
79%
Roumanie
78%
Slovaquie
77%
Bulgarie
76%
Slovénie
76%
République Tchèque
72%
Malte
68%
Chypre
63%
Aucun quiz correspondant
Distribution des résultats
% des personnes avec chaque résultat
Percentile par nombre de réponses
Votre historique - résultats
Vous n’avez pas pris ce quiz